[Event "Heusenstamm Schloss op"]
[Site "Heusenstamm"]
[Date "2022.11.19"]
[Round "4"]
[White "Koholka, Jan"]
[Black "Stolle, Hendrik"]
[Result "1/2-1/2"]
[WhiteElo "1750"]
[BlackElo "1641"]
[PlyCount "161"]
[EventDate "2022.11.17"]
[EventType "swiss"]
[EventRounds "7"]
[EventCountry "GER"]
[SourceTitle "CBM 212 Extra"]
[Source "ChessBase"]
[SourceDate "2023.03.31"]
[SourceVersion "1"]
[SourceVersionDate "2023.03.31"]
[SourceQuality "1"]

1. e4 g6 2. d4 Bg7 3. Nf3 d6 4. c4 Nf6 5. Nc3 0-0 6. Be2 c5 7. d5 e6 8. 0-0 exd5 9. cxd5 Re8 10. Qc2 Bg4 11. h3 Bxf3 12. Bxf3 a6 13. a4 Nbd7 14. Be2 Qe7 15. Bg5 h6 16. Bxf6 Nxf6 17. Bf3 Nh7 18. Rfe1 Qh4 19. Bg4 h5 20. g3 Qf6 21. Be2 h4 22. Kg2 Qg5 23. Qd3 hxg3 24. fxg3 f5 25. exf5 Bxc3 26. h4 Qxf5 27. bxc3 Re5 28. Qxf5 gxf5 29. Bf3 Rae8 30. Rxe5 Rxe5 31. Rb1 Nf6 32. Rxb7 Nxd5 33. Bxd5+ Rxd5 34. Ra7 Rd3 35. Rxa6 Rxc3 36. Rxd6 c4 37. Rc6 Kf7 38. a5 Ra3 39. Rxc4 Rxa5 40. Rc6 Ra3 41. Rd6 Rb3 42. Kf2 Rc3 43. Ra6 Kg7 44. Re6 Kf7 45. Rc6 Rb3 46. Kg2 Ra3 47. h5 Rb3 48. h6 Ra3 49. Rc7+ Kg8 50. h7+ Kh8 51. Rf7 Rb3 52. Kh3 Rb4 53. Rxf5 Kxh7 54. Rf4 Rb1 55. Kh4 Kg6 56. Ra4 Rh1+ 57. Kg4 Rg1 58. Ra6+ Kg7 59. Kf4 Rf1+ 60. Kg5 Rf3 61. Ra7+ Kf8 62. g4 Rc3 63. Kh5 Rh3+ 64. Kg6 Rd3 65. g5 Rg3 66. Rb7 Rg2 67. Rf7+ Kg8 68. Ra7 Kf8 69. Ra5 Rg3 70. Rf5+ Kg8 71. Kf6 Rb3 72. g6 Rb6+ 73. Kg5 Rb1 74. Re5 Rf1 75. Rf5 Rg1+ 76. Kh5 Rh1+ 77. Kg5 Rc1 78. Re5 Rf1 79. Re4 Rf2 80. Rh4 Kg7 81. Rh7+ 1/2-1/2

[Event "Heusenstamm Schloss op"]
[Site "Heusenstamm"]
[Date "2022.11.18"]
[Round "3"]
[White "Stolle, Hendrik"]
[Black "Armbrust, Matthias"]
[Result "0-1"]
[WhiteElo "1641"]
[BlackElo "1854"]
[PlyCount "60"]
[EventDate "2022.11.17"]
[EventType "swiss"]
[EventRounds "7"]
[EventCountry "GER"]
[SourceTitle "CBM 212 Extra"]
[Source "ChessBase"]
[SourceDate "2023.03.31"]
[SourceVersion "1"]
[SourceVersionDate "2023.03.31"]
[SourceQuality "1"]

1. Nf3 g6 2. e4 Bg7 3. d4 d6 4. Nc3 Nc6 5. Be3 e5 6. d5 Nce7 7. Bd3 f5 8. Qe2 Nf6 9. exf5 Nxf5 10. Bxf5 Bxf5 11. 0-0-0 0-0 12. h3 Qe7 13. Qc4 a6 14. g4 b5 15. Qb4 Bd7 16. Ng5 a5 17. Qb3 b4 18. Nce4 Rfb8 19. Nxf6+ Bxf6 20. Ne6 Bb5 21. Bh6 Be2 22. Rde1 a4 23. Qe3 Bc4 24. Qe4 Bxa2 25. f4 exf4 26. h4 a3 27. b3 Bxb3 28. h5 a2 29. hxg6 a1Q+ 30. Kd2 Qc3+ 0-1

[Event "Heusenstamm Sparkassen op-A 5th"]
[Site "Heusenstamm"]
[Date "2018.11.25"]
[Round "6"]
[White "Weiland, Thomas"]
[Black "Stolle, Hendrik"]
[Result "1-0"]
[WhiteElo "1796"]
[BlackElo "1614"]
[PlyCount "61"]
[EventDate "2018.11.22"]
[EventType "swiss"]
[EventRounds "7"]
[EventCountry "GER"]
[SourceTitle "CBM 188 Extra"]
[Source "ChessBase"]
[SourceDate "2019.02.26"]
[SourceVersion "1"]
[SourceVersionDate "2019.02.26"]
[SourceQuality "1"]

1. e4 g6 2. d4 Bg7 3. Nf3 d6 4. c3 Nf6 5. Bd3 Bg4 6. h3 Bxf3 7. Qxf3 Nc6 8. 0-0 0-0 9. Bg5 h6 10. Bh4 g5 11. Bg3 e5 12. d5 Ne7 13. Nd2 c6 14. dxc6 bxc6 15. Nc4 Ng6 16. Ne3 Nf4 17. Bxf4 exf4 18. Nf5 Nd7 19. Bc2 Ne5 20. Qd1 d5 21. exd5 cxd5 22. Re1 Qf6 23. Qxd5 Rad8 24. Qe4 Ng6 25. Rad1 Rxd1 26. Rxd1 Rd8 27. Rxd8+ Qxd8 28. Nxg7 Kxg7 29. a4 Qf6 30. a5 Nh4 31. Qd4 1-0

[Event "Heusenstamm Sparkassen op-A 4th"]
[Site "Heusenstamm"]
[Date "2017.11.24"]
[Round "3"]
[White "Stolle, Hendrik"]
[Black "Kuepper, Martin"]
[Result "0-1"]
[WhiteElo "1578"]
[BlackElo "2031"]
[PlyCount "84"]
[EventDate "2017.11.23"]
[EventType "swiss"]
[EventRounds "7"]
[EventCountry "GER"]
[SourceTitle "EXT 2019"]
[Source "ChessBase"]
[SourceDate "2018.10.10"]
[SourceVersion "1"]
[SourceVersionDate "2018.10.10"]
[SourceQuality "1"]

1. e4 d5 2. exd5 Nf6 3. d4 Bg4 4. Nf3 Qxd5 5. Nc3 Qh5 6. Nb5 Na6 7. Bc4 e6 8. Bf4 Be7 9. Qe2 0-0 10. 0-0-0 c6 11. Nc3 b5 12. Bd3 Nd5 13. Nxd5 Qxd5 14. Qe4 Qxe4 15. Bxe4 Rac8 16. h3 Bh5 17. g4 Bg6 18. Bxg6 fxg6 19. Bg5 Bd6 20. Ne5 c5 21. Nd7 Rxf2 22. dxc5 Bxc5 23. Nxc5 Nxc5 24. Rd8+ Rxd8 25. Bxd8 Kf7 26. Bg5 Rf3 27. Kd1 Ne4 28. Bh4 g5 29. Ke2 Rf4 30. Be1 e5 31. Ke3 Ke6 32. Rg1 h6 33. Bg3 Nxg3 34. Rxg3 Kd5 35. Rg1 e4 36. Rd1+ Ke5 37. Rd7 Rf3+ 38. Ke2 Rxh3 39. Rxa7 Kf4 40. c4 bxc4 41. a4 Rh2+ 42. Kf1 Rxb2 0-1

[Event "Heusenstamm Sparkassen op-A 3rd"]
[Site "Heusenstamm"]
[Date "2016.11.27"]
[Round "4"]
[White "Stolle, Hendrik"]
[Black "Paeslack, Luis"]
[Result "1/2-1/2"]
[WhiteElo "1618"]
[BlackElo "1796"]
[PlyCount "53"]
[EventDate "2016.11.24"]
[EventType "swiss"]
[EventRounds "7"]
[EventCountry "GER"]
[SourceTitle "EXT 2018"]
[Source "ChessBase"]
[SourceDate "2017.10.13"]
[SourceVersion "1"]
[SourceVersionDate "2017.10.13"]
[SourceQuality "1"]

1. e4 c5 2. Nc3 g6 3. g3 Bg7 4. Bg2 Nc6 5. Nge2 e6 6. 0-0 Nge7 7. d3 0-0 8. Be3 Nd4 9. Qd2 d6 10. Nd1 Bd7 11. c3 Nxe2+ 12. Qxe2 Bc6 13. d4 cxd4 14. Bxd4 e5 15. Be3 f5 16. exf5 Nxf5 17. Bxc6 bxc6 18. Qc4+ d5 19. Qxc6 d4 20. Qc4+ Kh8 21. cxd4 Nxd4 22. Bxd4 exd4 23. Qd3 Qd5 24. Nc3 Qb7 25. Ne4 Rab8 26. b3 Qd5 27. Rac1 1/2-1/2

[Event "Karl Mala Memorial op-A 17th"]
[Site "Frankfurt"]
[Date "2014.07.31"]
[Round "1"]
[White "Stolle, Hendrik"]
[Black "Gutacker, Stephan"]
[Result "0-1"]
[WhiteElo "1551"]
[BlackElo "1955"]
[PlyCount "74"]
[EventDate "2014.07.31"]
[EventType "swiss"]
[EventRounds "7"]
[EventCountry "GER"]
[SourceTitle "EXT 2015"]
[Source "ChessBase"]
[SourceDate "2014.11.20"]
[SourceVersion "1"]
[SourceVersionDate "2014.11.20"]
[SourceQuality "1"]

1. e4 e5 2. Nf3 Nc6 3. Bb5 a6 4. Ba4 Nf6 5. Qe2 b5 6. Bb3 Bc5 7. c3 d6 8. d3 h6 9. 0-0 Bg4 10. Nbd2 0-0 11. h3 Be6 12. Rd1 Bxb3 13. axb3 Re8 14. Nf1 d5 15. Ng3 Bf8 16. Nf5 Ne7 17. N3h4 Nxf5 18. Nxf5 Kh7 19. Qf3 g6 20. Ne3 d4 21. Ng4 Re6 22. c4 b4 23. Ra5 c5 24. Ra1 Bg7 25. Qe2 Nxg4 26. Qxg4 h5 27. Qg3 Bh6 28. Bxh6 Kxh6 29. f4 Qe7 30. fxe5 Rxe5 31. Qf4+ Kg7 32. Rf1 f6 33. Ra5 f5 34. exf5 Rxf5 35. Qd2 Re5 36. Kf2 Rf8+ 37. Kg1 Re2 0-1